Statistics for NBA Starters 2015–2016

Click here to take the quiz!

General Stats

  • This quiz has been taken 25,170 times
  • The average score is 64 of 150

Answer Stats

TeamPosPlayer% Correct
CavaliersFLeBron James
90%
HeatGDwyane Wade
84%
WarriorsGKlay Thompson
83%
WarriorsGStephen Curry
82%
WarriorsFDraymond Green
80%
ThunderFKevin Durant
80%
SpursGDanny Green
79%
ThunderGRussell Westbrook
79%
SpursGTony Parker
79%
76ersGHollis Thompson
78%
GrizzliesFJeff Green
78%
ClippersGChris Paul
76%
SpursFTim Duncan
75%
BullsGDerrick Rose
74%
RocketsGJames Harden
74%
PelicansFAnthony Davis
72%
ClippersFBlake Griffin
72%
PacersFPaul George
72%
CavaliersFKevin Love
71%
GrizzliesCMarc Gasol
71%
BullsCPau Gasol
71%
KnicksFCarmelo Anthony
70%
CavaliersGJ.R. Smith
70%
SpursFKawhi Leonard
70%
LakersFKobe Bryant
70%
ClippersCDeAndre Jordan
69%
BullsGJimmy Butler
69%
KingsCDeMarcus Cousins
68%
WizardsGJohn Wall
68%
RaptorsGDeMar DeRozan
66%
MavericksFDirk Nowitzki
66%
RaptorsGKyle Lowry
66%
NetsCBrook Lopez
65%
Trail BlazersGDamian Lillard
65%
Trail BlazersCMeyers Leonard
65%
HeatFChris Bosh
64%
BucksGMichael Carter-Williams
64%
KnicksCRobin Lopez
64%
HornetsGKemba Walker
63%
MavericksGDeron Williams
61%
TimberwolvesCKarl-Anthony Towns
61%
HornetsFMarvin Williams
60%
CavaliersGMo Williams
60%
WarriorsCAndrew Bogut
59%
HeatCHassan Whiteside
59%
ThunderCSteven Adams
59%
WizardsGBradley Beal
58%
HeatGGoran Dragic
58%
WarriorsFHarrison Barnes
58%
PistonsCAndre Drummond
57%
TimberwolvesGAndrew Wiggins
57%
HawksCAl Horford
56%
ThunderFSerge Ibaka
55%
LakersGD'Angelo Russell
54%
SpursCLaMarcus Aldridge
54%
KingsGRajon Rondo
53%
JazzFGordon Hayward
52%
76ersCJahlil Okafor
52%
HawksGJeff Teague
52%
ClippersGJ.J. Redick
52%
GrizzliesGMike Conley
52%
SunsGEric Bledsoe
51%
HawksFPaul Millsap
51%
TimberwolvesGRicky Rubio
50%
PacersGGeorge Hill
49%
NetsFJoe Johnson
48%
76ersFNerlens Noel
47%
PistonsGReggie Jackson
47%
Trail BlazersGC.J. McCollum
46%
HawksFKyle Korver
45%
JazzCRudy Gobert
45%
WizardsCMarcin Gortat
44%
PelicansGEric Gordon
43%
RaptorsCJonas Valanciunas
43%
KnicksFKristaps Porzingis
42%
SunsCTyson Chandler
41%
HornetsCAl Jefferson
39%
ThunderGAndre Roberson
39%
CelticsGAvery Bradley
39%
MagicGVictor Oladipo
39%
HeatFLuol Deng
38%
LakersCRoy Hibbert
38%
KingsFRudy Gay
38%
TimberwolvesFKevin Garnett
37%
NuggetsGGary Harris
36%
CavaliersCTimofey Mozgov
36%
MagicFTobias Harris
36%
SunsGBrandon Knight
35%
LakersGJordan Clarkson
35%
NuggetsFKenneth Faried
35%
GrizzliesFZach Randolph
35%
BucksCGreg Monroe
34%
BucksFKhris Middleton
34%
PistonsFMarcus Morris
34%
SunsFMarkieff Morris
34%
MagicCNikola Vucevic
34%
JazzFDerrick Favors
33%
LakersFJulius Randle
33%
NetsFThaddeus Young
33%
RaptorsFDeMarre Carroll
31%
MagicGElfrid Payton
31%
NuggetsGEmmanuel Mudiay
31%
CelticsFJae Crowder
31%
CelticsGMarcus Smart
31%
HornetsFNicolas Batum
30%
GrizzliesGCourtney Lee
29%
CelticsFDavid Lee
29%
PacersGMonta Ellis
29%
RocketsFTrevor Ariza
29%
NuggetsFDanilo Gallinari
28%
RocketsCClint Capela
25%
WizardsFOtto Porter
25%
RocketsGTy Lawson
24%
PistonsGKentavious Caldwell-Pope
23%
BullsFNikola Mirotic
23%
Trail BlazersFMason Plumlee
22%
KnicksGJose Calderon
21%
HawksGKent Bazemore
21%
CelticsCTyler Zeller
21%
Trail BlazersFAl-Farouq Aminu
19%
JazzGRodney Hood
19%
MavericksFWesley Matthews
19%
RocketsFTerrence Jones
18%
MavericksCZaza Pachulia
18%
MagicFEvan Fournier
16%
ClippersFLance Stephenson
16%
SunsFP.J. Tucker
16%
KingsGBen McLemore
15%
76ersGIsaiah Canaan
14%
RaptorsFLuis Scola
12%
PelicansGNate Robinson
11%
BullsFTony Snell
11%
PacersFC.J. Miles
10%
PelicansCKendrick Perkins
10%
PistonsFErsan Ilyasova
9%
PacersCIan Mahinmi
9%
BucksGJerryd Bayless
9%
MavericksGRaymond Felton
9%
NetsGShane Larkin
9%
JazzGRaul Neto
8%
TimberwolvesFTayshaun Prince
8%
KingsFKosta Koufos
7%
WizardsFKris Humphries
5%
KnicksGSasha Vujacic
5%
PelicansFDante Cunningham
4%
76ersFJaKarr Sampson
4%
NuggetsCJoffrey Lauvergne
4%
NetsGWayne Ellington
4%
BucksFChris Copeland
3%
HornetsGP.J. Hairston
2%

Score Distribution

Percentile by Number Answered

Percent of People with Each Score

Your Score History

You have not taken this quiz